| 000 | 00593nam a22001577a 4500 | ||
|---|---|---|---|
| 003 | OSt | ||
| 005 | 20151206111127.0 | ||
| 008 | 151206b xxu||||| |||| 00| 0 eng d | ||
| 040 | _cRUA | ||
| 082 | _aATM ញាណ 1990 B188 Or.1 | ||
| 100 |
_94397 _aញាណ គីមឡាយ |
||
| 245 | _aគំរោងរោងជាងបច្ចេកទេស ថែទំានិងជួសជុលម៉ាស៊ីន និងត្រាក់ទ័រនៅខ្សែត្រ តាកែវ | ||
| 260 |
_aPhnom Penh _bRUA _c1990 |
||
| 300 |
_a130p. _bill. _c29cm. |
||
| 942 |
_2ddc _cATM |
||
| 999 |
_c4098 _d4098 |
||